| 000 | 003590000a22001450004500 | ||
|---|---|---|---|
| 041 | 0 | _aSPA | |
| 082 | 0 | 4 | _aG 813 G813m |
| 100 | 1 | _aGreene, Graham | |
| 245 | 1 | 0 | _aMonseñor Quijote / Graham Greene; Jaime Zulaika, Traductor |
| 260 | _aMéxico : Edivision | ||
| 300 | _a222 Pag | ||
| 500 | _aTitulo original : Monsignor Quixote | ||
| 001 | 10860 | ||
| 942 | _cBK | ||
| 999 |
_c40285 _d40285 |
||